MARC details
| 000 -CABECERA |
| campo de control de longitud fija |
00882cam a2200241 a 4500 |
| 001 - NÚMERO DE CONTROL |
| campo de control |
000006194 |
| 005 - FECHA Y HORA DE LA ÚLTIMA TRANSACCIÓN |
| campo de control |
20200929151953.0 |
| 008 - DATOS DE LONGITUD FIJA--INFORMACIÓN GENERAL |
| campo de control de longitud fija |
920424s1986 sp 001 p spa |
| 020 ## - NÚMERO INTERNACIONAL ESTÁNDAR DEL LIBRO |
| Número Internacional Estándar del Libro |
8400061837 |
| 040 ## - FUENTE DE LA CATALOGACIÓN |
| Centro catalogador/agencia de origen |
DO-SdBNP |
| Centro/agencia transcriptor |
DLC |
| Centro/agencia modificador |
DLC |
| 082 ## - NÚMERO DE LA CLASIFICACIÓN DECIMAL DEWEY |
| Número de clasificación |
861.6 |
| Número de documento/Ítem |
L869r |
| 100 1# - ENTRADA PRINCIPAL--NOMBRE DE PERSONA |
| Nombre de persona |
Lorenzo de Blancas, Benedicto, |
| Fechas asociadas al nombre |
1920- |
| 9 (RLIN) |
17349 |
| 245 10 - MENCIÓN DE TÍTULO |
| Título |
Regreso a la tierra / |
| Mención de responsabilidad, etc. |
Benedicto Lorenzo de Blancas. |
| 260 ## - PUBLICACIÓN, DISTRIBUCIÓN, ETC. |
| Lugar de publicación, distribución, etc. |
Zaragoza, España : |
| Nombre del editor, distribuidor, etc. |
Institución "Fernando el Católico", |
| Fecha de publicación, distribución, etc. |
1986. |
| 300 ## - DESCRIPCIÓN FÍSICA |
| Extensión |
52 p. ; |
| Dimensiones |
25 cm. |
| 490 1# - MENCIÓN DE SERIE |
| Mención de serie |
"San Jorge" |
| Designación de volumen o secuencia |
v. 46 |
| 490 1# - MENCIÓN DE SERIE |
| Mención de serie |
Publicación de la Institución "Fernando el Católico |
| Designación de volumen o secuencia |
no. 1044 |
| 650 #4 - PUNTO DE ACCESO ADICIONAL DE MATERIA--TÉRMINO DE MATERIA |
| Término de materia o nombre geográfico como elemento de entrada |
Poesía española |
| 9 (RLIN) |
631 |
| 650 #4 - PUNTO DE ACCESO ADICIONAL DE MATERIA--TÉRMINO DE MATERIA |
| Término de materia o nombre geográfico como elemento de entrada |
Literatura española |
| Subdivisión cronológica |
SIGLO XXI |
| 9 (RLIN) |
4846 |
| 830 #0 - PUNTO DE ACCESO ADICIONAL DE SERIE-TÍTULO UNIFORME |
| Título uniforme |
"San Jorge" ; |
| Designación de volumen o secuencia |
v. 46 |
| 9 (RLIN) |
14363 |
| 830 #0 - PUNTO DE ACCESO ADICIONAL DE SERIE-TÍTULO UNIFORME |
| Título uniforme |
Publicación de la Institución "Fernando el Católico" ; |
| Designación de volumen o secuencia |
no. 1044. |
| 9 (RLIN) |
13716 |
| 910 ## - DATOS DE OPCIÓN DEL USUARIO (OCLC) |
| Datos de opción del usuario |
Catalogación por copia / LC |